00723 2200289 4500001002100000005001500021035002000036007000300056008004100059020002200100082000800122084001400130100001800144245006700162250001000229260003300239300003500272500001100307650001700318700001800335504002500353990001100378990001100389990001100400990001100411990001100422INLIS00000000000593420200714023507 a0010-0720000102ta200714 g 0 ind  a978-602-98722-1-7 a388 a388 IMA a0 aIMAN, Purnama1 aAlat Transportasi Lombok /cIman Purnama; editor, Morena Cindo acet.2 aJakarta :bWadah Ilmu,c2011 aiv, 80 hlm. :bilus. ;c25 cm. aIndeks 4aPENGANGKUTAN0 aMORENA, Cindo aBibliografi : hlm.79 a7521 a a7521 b a7521 c a7521 d a7521 e